000 00371nam a2200145 i 4500
001 bg
100 1 _aKRAWCZYK, Eugeniusz
245 0 _aElementy nauki o pracy /
_cEugeniusz Krawczyk, Mieczysław Trzeciak.
260 _aKielce,
_c1976.
700 1 _aTRZECIAK, Mieczysław
040 _cBPK
041 _apol
942 _cKS
008 s pl f |000 0 pol
999 _c17339
_d17339
856 _uhttp://koha.tu.koszalin.pl/cgi-bin/koha/opac-detail.pl?biblionumber=17339
_yKatalog online BPK